| 000 | 01850cab a2200277 ab4500 | ||
|---|---|---|---|
| 005 | 20260307202758.0 | ||
| 008 | 991125c2019 ck fr p o 000 0 spa d | ||
| 035 | _aUPN01000233701 | ||
| 040 |
_aMX-MxUPN _bspa _cMX-MxUPN _eaacr2 |
||
| 049 | _aART-E | ||
| 003 | |||
| 100 | 1 | _aAncheta Arrabal, Ana | |
| 245 | 1 | 0 |
_aEquidad y educación de la primera infancia en la agenda educativa mundial _h[recurso electrónico en línea] |
| 506 | 0 | _aAcceso abierto | |
| 520 | 3 | _aEl presente trabajo se inspira en la necesidad de abordar un análisis de la equidad en la etapa de educación infantil desde un enfoque holístico, para contribuir al debate actual sobre la importancia de la equidad en la nueva agenda educativa y sus metas para la primera infancia. Parte de fundamentos del estudio teórico de la equidad en educación desde un enfoque holístico que permita aplicar este análisis a la educación de la primera infancia en las sociedades iberoamericanas, en aras de aportar una perspectiva más amplia en la discusión de sus logros y desafíos. Finalmente, este entendimiento posibilita la interpretación de los límites y posibilidades de los objetivos globales establecidos para la educación de la primera infancia y la medición de los progresos e implicaciones para la equidad educativa. RLCS | |
| 653 | 0 | _aEducación de la primera infancia | |
| 653 | 0 | _aEquidad educativa | |
| 653 | 0 | _aIindicadores educativos | |
| 653 | 0 | _aEducación integral | |
| 773 |
_hVol. 17, no. 1, (2019), p. p. 47-59 _tRevista latinoamericana de ciencias sociales, niñez y juventud _x2027-7679 |
||
| 856 | 4 | _uhttp://revistaumanizales.cinde.org.co/rlcsnj/index.php/Revista-Latinoamericana/article/view/3325/980 | |
| 856 | 4 | _uhttps://dx.doi.org/10.11600/1692715x.17102 | |
| 902 | _aLorena Izquierdo/300525 | ||
| 905 | _aArticulo | ||
| 942 | _cART-E | ||
| 999 |
_c205796 _d205796 |
||